Vidiecky turista budúcnosti

Definovanie pojmov cestovný ruch a vidiecky cestovný ruch. Súčasný potenciál cestovného ruchu na vidieku. Charakteristika turistu budúcnosti. Intenzita turizmu v SR podľa krajov. Výsledky primárneho výskumu z obdobia 2012-2015 z vidieckeho priestoru Nitrianskeho kraja. Potenciál cestovného ruchu v N...

Descripción completa

Guardado en:
Detalles Bibliográficos
Autor principal: Beresecká, Janka
Otros Autores: Hudáková, Monika, Papcunová, Viera
Formato: Capítulo de libro
Lenguaje:eslovaco
Materias:
Etiquetas: Agregar Etiqueta
Sin Etiquetas, Sea el primero en etiquetar este registro!

MARC

LEADER 00000nla a2200000 4500
001 0247618
005 20240417075145.3
041 0 |a slo 
044 |a CZ 
245 1 0 |a Vidiecky turista budúcnosti  |c Janka Beresecká, Monika Hudáková, Viera Papcunová 
520 |a Definovanie pojmov cestovný ruch a vidiecky cestovný ruch. Súčasný potenciál cestovného ruchu na vidieku. Charakteristika turistu budúcnosti. Intenzita turizmu v SR podľa krajov. Výsledky primárneho výskumu z obdobia 2012-2015 z vidieckeho priestoru Nitrianskeho kraja. Potenciál cestovného ruchu v Nitrianskom kraji. Sociodemografický profil vidieckeho turistu. Využitie komunikačných kanálov v kontexte závislosti od pohlavia. 
610 2 0 |a ruch cestovný 
610 2 0 |a ruch cestovný vidiecky 
610 2 0 |a pamiatky 
610 2 0 |a zariadenia ubytovacie 
610 2 0 |a kultúra 
610 2 0 |a oddych 
610 2 0 |a nástroje marketingové 
610 2 0 |a komunikácia marketingová 
610 2 0 |a prieskum 
610 2 0 |a kraje 
610 2 0 |a Slovensko 
100 1 |a Beresecká, Janka 
700 1 |a Hudáková, Monika 
700 1 |a Papcunová, Viera